000 00617nam a2200193 a 4500
001 000023739
005 20200930022430.0
008 110112s1969 ag r 000 0 spa d
040 _aDO-SdBNP
_bspa
_cBNPHU
082 _a229.91
_bN372t
100 1 _aNee, T. S.
_948880
245 1 0 _aTransformados en su semejanza /
_cT. S. Nee ; prólogo de Angus I. Kinnear, Geofredo W. Rawling.
260 _aBuenos Aires :
_bHebrón,
_c1969.
300 _a126, [2] p. ;
_c18 cm.
650 4 _aBiblia.
_xA.t.
_948881
700 1 _aKinnear, Angus I.
_epról.
_948882
700 1 _aRawling, Geofredo W.
_epról.
_948883
049 _aBNGR
999 _c23235
_d23235